Office lighting. (Record no. 101271)
[ view plain ]
| 000 -LEADER | |
|---|---|
| fixed length control field | 00893cam a2200277 4500 |
| 001 - CONTROL NUMBER | |
| control field | |
| 008 - FIXED-LENGTH DATA ELEMENTS--GENERAL INFORMATION | |
| fixed length control field | 000000n2001 000 0 eng u |
| 020 ## - INTERNATIONAL STANDARD BOOK NUMBER | |
| International Standard Book Number | 1860814638 |
| 035 ## - SYSTEM CONTROL NUMBER | |
| System control number | (Sirsi) u111646 |
| 050 ## - LIBRARY OF CONGRESS CALL NUMBER | |
| Classification number | 729.28 |
| 100 ## - MAIN ENTRY--PERSONAL NAME | |
| Personal name | Littlefair, P. |
| 110 ## - MAIN ENTRY--CORPORATE NAME | |
| Corporate name or jurisdiction name as entry element | Building Research Establishment |
| 245 ## - TITLE STATEMENT | |
| Title | Office lighting. |
| 260 ## - PUBLICATION, DISTRIBUTION, ETC. | |
| Place of publication, distribution, etc. | London |
| Name of publisher, distributor, etc. | CRC Ltd. |
| Date of publication, distribution, etc. | 2001 |
| 300 ## - PHYSICAL DESCRIPTION | |
| Extent | 34p. : ill. ; 30cm. |
| 350 ## - PRICE (NR) (BK AM CF MU VM SE) [OBSOLETE] | |
| Price | 38.00 |
| 490 ## - SERIES STATEMENT | |
| Series statement | BR |
| Volume/sequential designation | 415 |
| 520 ## - SUMMARY, ETC. | |
| Summary, etc. | A practical guide to the provision of lighting in offices, including the need for appropriate types and levels of lighting in different parts of the building such as work areas, meeting places and ancillary spaces. |
| 650 ## - SUBJECT ADDED ENTRY--TOPICAL TERM | |
| Topical term or geographic name entry element | DAYLIGHT |
| 690 ## - LOCAL SUBJECT ADDED ENTRY--TOPICAL TERM (OCLC, RLIN) | |
| Topical term or geographic name as entry element | BUILT ENVIRONMENT-CONSTRUCTION DESIGN |
| 700 ## - ADDED ENTRY--PERSONAL NAME | |
| Personal name | Slater, Anthony |
| 700 ## - ADDED ENTRY--PERSONAL NAME | |
| Personal name | Perry, Mike |
| 700 ## - ADDED ENTRY--PERSONAL NAME | |
| Personal name | Graves, Hilary |
| 700 ## - ADDED ENTRY--PERSONAL NAME | |
| Personal name | Jaunzens, Denice |
| 942 ## - ADDED ENTRY ELEMENTS (KOHA) | |
| Suppress in OPAC | 0 |
| Withdrawn status | Lost status | Source of classification or shelving scheme | Damaged status | Not for loan | Home library | Current library | Shelving location | Date acquired | Cost, normal purchase price | Total Checkouts | Full call number | Barcode | Date last seen | Date last checked out | Copy number | Cost, replacement price | Price effective from | Koha item type |
|---|---|---|---|---|---|---|---|---|---|---|---|---|---|---|---|---|---|---|
| Dewey Decimal Classification | London | London | Folio | 23/05/2001 | 38.00 | 3 | F729.28 LIT | 30064297 | 06/08/2019 | 12/08/2008 | 1 | 38.00 | 06/08/2019 | Book |